Hamaray Bohat hi piyaray Quaid-e-Azam ہمارے بیت ہی پیارے قائداعظم / (Record no. 565536)

000 -LEADER
fixed length control field 00401nam a2200121Ia 4500
008 - FIXED-LENGTH DATA ELEMENTS--GENERAL INFORMATION
fixed length control field 210430s9999 xx 000 0 und d
082 ## - DEWEY DECIMAL CLASSIFICATION NUMBER
Classification number 320.95409041 M234H
100 ## - MAIN ENTRY--PERSONAL NAME
Personal name Malik Nadeem Shafique.
245 ## - TITLE STATEMENT
Title Hamaray Bohat hi piyaray Quaid-e-Azam ہمارے بیت ہی پیارے قائداعظم /
Statement of responsibility, etc. Malik Nadeem Shafique.
260 ## - PUBLICATION, DISTRIBUTION, ETC.
Place of publication, distribution, etc. Lahore.
Name of publisher, distributor, etc. Fiction.
Date of publication, distribution, etc. 2015
300 ## - PHYSICAL DESCRIPTION
Extent 143p.
942 ## - ADDED ENTRY ELEMENTS (KOHA)
Koha item type Book
Source of classification or shelving scheme
Holdings
Withdrawn status Lost status Damaged status Not for loan Permanent Location Current Location Date acquired Total Checkouts Full call number Barcode Date last seen Price effective from Koha item type
        School of Chemical & Materials Engineering (SCME) School of Chemical & Materials Engineering (SCME)     320.95409041 M234H SCME- D33 04/30/2021 04/30/2021 Book
© 2023 Central Library, National University of Sciences and Technology. All Rights Reserved.